Who wrote these Queen songs? - Statistics

General Stats
  • This quiz has been taken 24 times
    22 since last reset
  • The average score is 11 of 17
Answer Stats
Question Answer % Correct
Bohemian Rhapsody Freddie Mercury
100%
You're My Best Friend John Deacon
100%
Another One Bites The Dust John Deacon
86%
We Will Rock You Brian May
71%
Killer Queen Freddie Mercury
71%
Don't Stop Me Now Freddie Mercury
71%
Crazy Little Thing Called Love Freddie Mercury
71%
Somebody To Love Freddie Mercury
71%
We Are The Champions Freddie Mercury
71%
Save Me Brian May
57%
Bicycle Race Freddie Mercury
57%
Good Old‐Fashioned Lover Boy Freddie Mercury
57%
Seven Seas Of Rhye Freddie Mercury
57%
Fat Bottomed Girls Brian May
43%
Now I'm Here Brian May
43%
Flash Brian May
43%
Play The Game Freddie Mercury
29%
No matching quizzes found
Score Distribution
Percent of People with Each Score
Percentile by Number Answered
Your Score History
You have not taken this quiz since the last reset